000 01024cam a2200277 i 4500
003 SA-RiAUC
005 20251002072635.0
008 251002s1966 le g 000 0 ara c
035 _au30832
040 _aJO-IrJUST
_bara
_cSA-RiAUC
_erda
050 4 _b.S55 1966
082 0 4 _a242
_qSA-RiAUC
090 _a242
_bس ج س
100 1 _aالسجستاني، إسحاق بن أحمد،
_d271-331 هجري
_eمؤلف.
245 1 0 _aكتاب إثبات النبوءات /
_cأبو يعقوب إسحق السجستاني.
246 3 0 _aإثبات النبوءات
264 1 _a[مكان النشر غير محدد] :
_b[الناشر غير محدد]،
_c1966
264 3 _aبيروت :
_bالمطبعة الكاثوليكية
300 _a201 صفحة ؛
_c24 سم
336 _aنص
_btxt
_2rdacontent
_3كتاب
337 _aبدون وسيط
_bn
_2rdamedia
338 _aمجلد
_bnc
_2rdacarrier
650 7 _aالنبوات
_2aucsh
942 _2ddc
_cBOOK
_n0
949 _aSA-JeALM
_d251002
_umohamedma123
_n1
999 _c12332
_d12332